Herramientas de prevención : Maletín /
Guardado en:
| Autor Corporativo: | |
|---|---|
| Formato: | Objeto Físico |
| Idioma: | Spanish |
| Publicado: |
Buenos Aires :
Ministerio de Salud. Presidencia de la Nación,
2011
|
| Materias: | |
| Etiquetas: |
Agregar Etiqueta
Sin Etiquetas, Sea el primero en etiquetar este registro!
|
| LEADER | 00938nrm a22002415a 4500 | ||
|---|---|---|---|
| 001 | CEM.cems020868 | ||
| 008 | 240305s2011####ag#---############vlspa#d | ||
| 005 | 20240305122232.0 | ||
| 245 | 1 | 0 | |a Herramientas de prevención : |b Maletín / |c Argentina. Ministerio de Salud. Presidencia de la Nación. |
| 260 | |a Buenos Aires : |b Ministerio de Salud. Presidencia de la Nación, |c 2011 |e (Buenos Aires) | ||
| 300 | |a 1 maletín de tela; 40 x 30 x 15 cm. | ||
| 500 | |a El presente maletín contiene material de diferente índole sobre ESI. | ||
| 710 | 2 | |a Argentina. Ministerio de Salud. Presidencia de la Nación. | |
| 653 | |a Colección Recursos Didácticos ESI | ||
| 653 | |a Educación Sexual Integral | ||
| 653 | |a VIH | ||
| 653 | |a Sida | ||
| 653 | |a Género | ||
| 653 | |a Sexualidad | ||
| 653 | |a Reproducción | ||
| 653 | |a Maletín | ||
| 653 | |a Enfermedades de Transmisión Sexual | ||
| 859 | |a CEMS |b BIB. CEMS - 11 de abril |h RecursoESI |p 29895.24 |t Ej.1 | ||
